Quizzes
Events
Quiz Creation
Community
Videos
Private Events
Remove Ads
Sign In
Join for FREE
Feedback
Dark Mode
Quiz Categories
Sports
Geography
Music
Movies
Television
Just For Fun
Miscellaneous
History
Literature
Language
Science
Gaming
Entertainment
Religion
Holiday
For Kids
Quiz Lab
Recent
Popular Today
Quiz Kudos Today
Editor Picks
Curator Picks
Quizzes by...
Day
Popularity
Type
Ratings
Length
Year
Community
Subscriptions
Recent Discussions
Orange Saloon
Badges
Playlists
Quests
Create
Leaderboards
Showdown
Live 5
Trivia Bingo
Activity
Puzzle Library
Sporcle Events
Private Events
Virtual Trivia
Globe League
Become a Host
Pub Owners
SporcleCon
Opinionation
Our Games
Videos
Blog
Mobile Apps
Partnerships
Remove Ads and Go Orange
Feedback
Sports
Athletes
MLB
NBA
NHL
NFL
Soccer
Sports Teams
WWE
NCAA
Football
Premier League
Basketball
Baseball
Hockey
Golf
Tennis
Cricket
Rugby
Auto Racing
Olympics
World Cup
Sports
Athletes
MLB
NBA
NHL
NFL
Soccer
Sports Teams
WWE
NCAA
Football
Premier League
Basketball
Baseball
Hockey
Golf
Tennis
Cricket
Rugby
Auto Racing
Olympics
World Cup
Random Quiz
Search Sporcle
×
Quiz Lab
Quiz Lab
Sports
UEFA Champions' League XIs
Type in answers that appear in a list
Type in answers that appear in a list
Classic
Best Score? Go Orange.
Name the XI - Man United 2008 Champions League win Stats
Can you name Man United's starting XI and subs from their 2008 Champions League win?
By
BeautifulGames
2m
18 Questions
523 Plays
523 Plays
523 Plays
Comments
Comments
Give Quiz Kudos
Give Quiz Kudos
-
- Ratings
hide this ad
Replay
Link that replays current quiz
Next Quiz
Link to next quiz in quiz playlist
You Got
0%
They Got
Avg Score
74%
Avg Friend Score
Upgrade to see
Score Distribution
Jump to the score distribution portion of the page
Score
0/18
Timer
02:00
0
Plays Today
Pos
Player
% Correct
GK
Edwin vanderSar
95.8%
LM
Cristiano Ronaldo
94.8%
FW
Wayne Rooney
94.8%
CB
Rio Ferdinand
94.6%
CB
Nemanja Vidic
93.1%
LB
Patrice Evra
92.5%
CM
Paul Scholes
90.8%
CM
Michael Carrick
84.9%
SUB MF
Ryan Giggs
83.9%
Pos
Player
% Correct
FW
Carlos Tevez
83.6%
RB
Wes Brown
79.2%
SUB MF
Anderson
66.5%
SUB MF
Nani
65.4%
RM
Owen Hargreaves
59.8%
SUB DF
John O'Shea
53.5%
SUB MF
Darren Fletcher
48.2%
SUB GK
Tomasz Kuszczak
27.3%
SUB DF
Mikael Silvestre
23.9%
Quiz Playlist
Details
Report
Send in Message
Add To Playlist
Classic:
Type in answers that appear in a list
Last Updated: Jan 29, 2018
Quiz Scoreboard
CHALLENGE
Sign Up to Join the Scoreboard
Show All
Scores
Hide
Comments
May contain spoilers
Recently Published
Movies - When Are They Set?
by FPL_Elf
Movies
5m
Popular People in 1961
by mucciniale
History
6m
1-10 Letter E Words III
by El_Dandy
Language
2m
More to Explore
Quiz From the Vault
Featured Blog Post
Where Did the Easter Bunny Come From?
hide this ad
You Might Also Like...
Tags
Champions League
cup
final
Manchester United
Player
position
Starting
team
UEFA Champions' League
UEFA Champions' League XIs
XIs
Today's Top Quizzes in Sports
Browse Sports
hide this ad
Today's Top Quizzes in UEFA Champions' League XIs
Browse UEFA Champions' League XIs
Top Contributed Quizzes in Sports
1
Les meilleurs buteurs des matchs entre le PSG et l’OM
2
FIFA Club World Cup Champions
3
Les entraîneurs de l'OM et du PSG au 21e siècle
4
2022 World Cup Stars
5
Name the Premier League winners with different clubs
6
La finale Lions - Afrique du Sud 2021
7
Criteria MLB: Left Handed Sluggers
8
Les joueurs passés par le LOSC et le RC Lens
9
Players with Multiple 50 Home Run Seasons
10
MLB Players with Two .350 Batting Average Seasons
Explore More
Trending Topics
Crossword
Anime
Harry Potter
Kpop
Disney
NBA
Marvel
Song
NFL
Country
Puzzle
WWE
Pokémon
The Office
Soccer
hide this ad
More By:
BeautifulGames
Quiz
Plays
Rating
Category
Featured
Created
British players in Champions League finals
6,271
4.86
Sports
Apr 4, 2018
Name these Liverpool players from their Wiki bios.
719
5.00
Sports
Jan 17, 2018
Manchester United players with most international goals
667
5.00
Sports
Feb 27, 2018
Match these Man United players to their transfers
628
5.00
Sports
Feb 6, 2018
Name these Man United players from their Wiki bios.
595
3.80
Sports
Jan 12, 2018
Go to Creator's Profile
Score Distribution
Quiz Creator Spotlight
BeautifulGames
Follow
Send a Message
Quizzes Created
-
Created Quiz Play Count
-
More By This Creator
Popular Quizzes Today
1
Find the Countries of Europe - No Outlines Minefield
2
Find the US States - No Outlines Minefield
3
The Countries of the World
4
Popular People in 1961
5
US States
6
1-10 Letter E Words III
7
Find the US States
8
One Thing in Common: World Cities II
More Sports Quizzes
USWNT 2020 Caps
Quiz Lab
Trending Quizzes
Risky Map Clicking: Least Populous States A-Z
1-10 Letter F Words
Humor Books: The Subtitles
1-10 Letter G Words
One Thing in Common: United Kingdom
Recently Updated
Leaping Animals
pecheneg
Reality TV Shows (A-Z)
bhenderson79
Rickey Henderson's Hall of Fame Teammates
pecheneg
Champions League XIs: Arsenal
pecheneg
Quick Pick: Celebrities in WWE's Hall of Fame
aduchscher
A-Z Keypad Blitz II
pecheneg
Multiple Oscar Actors
pecheneg
Mystery Phrase Blitz: Oscar 'Best Actors'
pecheneg
F. Scott Fitzgerald Novels
LTH
Pick 3 Villains
ddd62291
Trending Topics
Crossword
Disney
Harry Potter
Marvel
Kpop
Anime
NBA
Soccer
NFL
WWE
Puzzle
Country
Pokémon
Song
The Office
Your Account Isn't Verified!
In order to create a playlist on Sporcle, you need to verify the email address you used during registration. Go to your
Sporcle Settings
to finish the process.
Report this User
Report this user for behavior that violates our
Community Guidelines
.
Details:
Send Report
Go to the Sporcle.com Mobile Site →
Comments